000 00597nam a22001817a 4500
005 20170623105203.0
010 _aENG-118902
020 _a9788183822596
_c125.00
035 _aEN-102434
037 _bDBAD/PUB
082 _a485
100 _aVerma, Deepa
245 _aArt of english conversation:
_bSpeak english fluently /
_cby Deepa Verma
260 _aNew Delhi
_bLotus Press Publishers
_c2012
270 _aUnit No, 220, Second Floor, 4735/22,Prakash Deep Nuilding, Ansari Road, Daryaganj New Delhi-110002
300 _a222p
_c22cm.(pbk)
942 _2ddc
_cEN
_h485
_mVER
999 _c141912
_d141912